Từ điển kỹ thuật xây dựng cầu Việt - Anh
Gồm các mục từ chọn lọc, trình bày ngắn gọn về chuyên ngành kĩ thuật xây dựng cầu đường Việt - Anh được sắp xếp theo thứ tự từ A - Y
Đã lưu trong:
| Hovedforfatter: | |
|---|---|
| Andre forfattere: | |
| Sprog: | Undetermined |
| Udgivet: |
Hà Nội
Xây dựng
2006
|
| Fag: | |
| Tags: |
Tilføj Tag
Ingen Tags, Vær først til at tagge denne postø!
|
| Thư viện lưu trữ: | Trung tâm Học liệu Trường Đại học Trà Vinh |
|---|
| LEADER | 00854nam a2200229Ia 4500 | ||
|---|---|---|---|
| 001 | TVU_7607 | ||
| 008 | 210423s9999 xx 000 0 und d | ||
| 041 | |a Vie w1w eng | ||
| 082 | |a 624.2 | ||
| 082 | |b Tr513 | ||
| 100 | |a Nguyễn Viết Trung | ||
| 245 | 0 | |a Từ điển kỹ thuật xây dựng cầu Việt - Anh | |
| 245 | 0 | |c Nguyễn Viết Trung (chủ biên), Đào Duy Lâm | |
| 260 | |a Hà Nội | ||
| 260 | |b Xây dựng | ||
| 260 | |c 2006 | ||
| 300 | |a 278 tr. | ||
| 300 | |c 12 cm | ||
| 520 | |a Gồm các mục từ chọn lọc, trình bày ngắn gọn về chuyên ngành kĩ thuật xây dựng cầu đường Việt - Anh được sắp xếp theo thứ tự từ A - Y | ||
| 650 | |a Tiếng Anh; Tiếng Việt; Xây dựng | ||
| 700 | |a Nguyễn Viết Trung; Đào Duy Lâm | ||
| 980 | |a Trung tâm Học liệu Trường Đại học Trà Vinh | ||